| 000 | 00394nam a2200121Ia 4500 | ||
|---|---|---|---|
| 008 | 231129s2017||||xx |||||||||||||| ||spa|| | ||
| 020 | _a978-958-57188-4-5 | ||
| 082 | _aR398.90986132 C334d | ||
| 245 | 0 | _aDiccionario de expresiones populares de la cultura cafetera | |
| 260 | _c2017 | ||
| 264 | _aColombia : Corporación Cultural Casa Creativa | ||
| 942 |
_2ddc _cBKS |
||
| 999 |
_c9335 _d9335 |
||